000
00260nam a2200109 4500
082
_a
BHA
100
_a
Bhatnagar, Kalka Prasad
245
_a
Co-operation in India and Abroad
260
_a
London:
_b
Singh Printing Press,
_c
1965.
300
_a
637p. ;
942
_c
BK
999
_c
9600
_d
9600